Straight Up Trivia #22: James Bond Films Part 1 - Statistics

General Stats
  • This quiz has been taken 14 times
  • The average score is 6 of 10
Answer Stats
Hint Answer % Correct
You Only Live Twice, 1967. The climax of You Only Live Twice happens at a secret base hidden inside a volcano. What is the tallest mountain- a real volcano- in the country in which most of You Only Live Twice is set? Mount Fuji
71%
Dr. No, 1962. Nitrogen (N) and Oxygen (O) form almost 99% of Earth's atmosphere. Not including water, whose concentration varies widely depending on the weather, what non-reactive gas forms most of the remaining 1%? By comparison, the concentration of carbon dioxide is only about .04%. Argon
64%
From Russia with Love, 1963. What Russian tennis player (love, get it?) became, in August 2005, the first Russian woman to be ranked #1 in the world? Maria Sharapova
64%
On Her Majesty's Secret Service, 1969. What famously bald Kojak actor played Ernst Blofeld in On Her Majesty's Secret Service? Telly Savalas
64%
Bonus George Lazenby question: Paul McGann has referred to himself as "The George Lazenby of" what iconic television character? McGann was the eighth of 15 incarnations of the character. The Doctor
64%
Bonus Sean Connery question: In 1987, Sean Connery won his only Oscar, as Best Supporting Actor in what film starring Kevin Costner? The Untouchables
64%
Goldfinger, 1964. Gert Frobe, who played Auric Goldfinger, also played Baron Bomburst in what children's musical fantasy film starring Dick Van Dyke, which was based on a novel written by Ian Fleming? Chitty Chitty Bang Bang
57%
Diamonds Are Forever, 1971. What Chandelier singer was the primary songwriter of Rihanna's #1 hit Diamonds? Sia
57%
Never Say Never Again, 1983. [Not a canonical Eon Bond film] The Bond girl in Never Say Never Again, Domino, was played by what American actress, who also played Vicky Vale in Tim Burton's original Batman film? Kim Basinger
50%
Thunderball, 1965. What is the team name of the NBA franchise that moved in 2008 to become the Oklahoma City Thunder? Seattle Supersonics
43%
No matching quizzes found
Score Distribution
Percent of People with Each Score
Percentile by Number Answered
Your Score History
You have not taken this quiz